000 00204nam a2200097Ia 4500
008 190216s9999||||xx |||||||||||||| ||und||
100 _aMuhammed K T
245 0 _aKadalpalam
260 _bNull
942 _cBK
999 _c23721
_d23721